ADAPTIVE BEHAVIOR AND LEARNING (Record no. 21978)

MARC details
000 -LEADER
fixed length control field 00351nam a22001577a 4500
003 - CONTROL NUMBER IDENTIFIER
control field SGT
020 ## - INTERNATIONAL STANDARD BOOK NUMBER
International Standard Book Number 9781107442900
082 ## - DEWEY DECIMAL CLASSIFICATION NUMBER
Classification number 616.89
Item number A16S
100 ## - MAIN ENTRY--PERSONAL NAME
Personal name STADDON, J.E.R.
245 ## - TITLE STATEMENT
Title ADAPTIVE BEHAVIOR AND LEARNING
250 ## - EDITION STATEMENT
Edition statement 2ND
260 ## - PUBLICATION, DISTRIBUTION, ETC. (IMPRINT)
Place of publication, distribution, etc U.K.
Name of publisher, distributor, etc CAMBRIDGE UNIVERSITY
Year of Publication 2016
300 ## - PAGE DESCRIPTION
No. of Pages 599
650 ## - SUBJECT ADDED ENTRY--TOPICAL TERM
Topical term or geographic name as entry element PSYCHOLOGY
942 ## - ADDED ENTRY ELEMENTS (KOHA)
Source of classification or shelving scheme Dewey Decimal Classification
Koha item type Books
Holdings
Withdrawn status Lost status Source of classification or shelving scheme Damaged status Not for loan Collection code Home library Current library Shelving location Date acquired Vendor Name Volume Information (Serial or Books or Non-Book Material) SGTU Bill Number Full call number Accession No. (Barcode) Date last seen Bill Date Koha item type
    Dewey Decimal Classification   Not For Loan MEDICAL SGT Medical Library SGT Medical Library Reference Book 02/11/2021 ABC DELHI D-28.99 SGTU 13417 616.89 A16S FM12578 02/11/2021   Books